| 000 | 00339 a2200133 4500 | ||
|---|---|---|---|
| 001 | 89162 | ||
| 082 | _a891.439301 JAV | ||
| 090 |
_c42112 _d42112 |
||
| 100 | _aJaved Ahmed | ||
| 245 |
_aMajmoa Afsane _cJawid Ahmad |
||
| 260 |
_aIslamabad _bPoorab Academy _c2014 |
||
| 300 |
_a428 p. _bHb |
||
| 740 | _aurdu literature; novel; fiction | ||
| 942 |
_aCAE NUST _k891.439301 JAV |
||
| 999 |
_c324235 _d324235 |
||